Health

Αποθηκεύτηκε σε:
Λεπτομέρειες βιβλιογραφικής εγγραφής
Κύριος συγγραφέας: Richman, Joel
Μορφή: Βιβλίο
Γλώσσα:English
Δημοσίευση: London : MacMillan, 1992
Σειρά:In business now
Θέματα:
Ετικέτες: Προσθήκη ετικέτας
Δεν υπάρχουν, Καταχωρήστε ετικέτα πρώτοι!

MARC

LEADER 00000nam a2200000 i 4500
001 1/20575
008 960705s1992 eng d
020 |a 0-333-55244-X 
035 |l 10021572 
040 |a GR-MY-UA  |b gre  |e aacr 
041 0 |a eng 
082 0 |a 613.62 
100 1 |a Richman, Joel. 
245 1 0 |a Health /  |c Joel Richman 
260 |a London :   |b MacMillan,   |c 1992 
300 |a 64 p. 
490 1 |a In business now 
500 |a Includes index 
650 0 0 |a Industrial hygiene. 
830 0 |a In business now 
852 |a INST  |b CHIOS  |e 19960705  |h 613.62 RIC  |p 005200002543  |q 005200002543  |t BK  |y 0 
909 |a Χ  |b 032843